[Event "32nd USA-ch (w)"]
[Site "Waltham USA"]
[Date "1992.08.??"]
[Round "1"]
[White "Dimitrijevic, Vesna"]
[Black "Tverskaya, Julia"]
[Result "0-1"]
[WhiteElo "2090"]
[BlackElo "2050"]
[EventDate "1992.08.20"]
[PlyCount "80"]

1.e4 c5 2.Nc3 Nc6 3.f4 e6 4.Nf3 d5 5.Bb5 Nf6 6.Bxc6+ bxc6 7.e5 Nd7 8.O-O 
Be7 9.b3 O-O 10.Kh1 Qc7 11.Qe2 f5 12.exf6 Rxf6 13.Ng5 Nf8 14.g3 e5 15.d3 
Ng6 16.Qh5 Nf8 17.Qe2 Bd7 18.Bb2 Re8 19.Qd2 h6 20.Nf3 exf4 21.Ne2 d4 22.
Nxf4 Bd6 23.Ng2 Bg4 24.Ng1 Nh7 25.Rxf6 Nxf6 26.b4 Qb6 27.Re1 Rxe1 28.Qxe1 
cxb4 29.h3 Bd7 30.Nf3 c5 31.Ne5 Bxh3 32.Nf4 Qb7+ 33.Kg1 Bf5 34.Nfg6 Kh7 
35.Nh4 Bh3 36.Nc4 Bb8 37.Qf2 Qd5 38.Bc1 Qh5 39.Qe1 Qg4 40.Kh2 Qxh4 0-1

[Event "32nd USA-ch (w)"]
[Site "Waltham USA"]
[Date "1992.08.??"]
[Round "1"]
[White "Levitan, Yuliya"]
[Black "Epstein, Esther"]
[Result "1/2-1/2"]
[WhiteElo "2280"]
[BlackElo "2255"]
[EventDate "1992.08.20"]
[PlyCount "93"]

1.c4 g6 2.Nf3 Bg7 3.g3 b6 4.Bg2 Bb7 5.O-O c5 6.Nc3 Nf6 7.a3 O-O 8.d3 Na6 
9.Rb1 Nc7 10.b4 d6 11.Bd2 Ne6 12.e3 Qc8 13.Qb3 Rb8 14.Rbc1 Bxf3 15.Bxf3 
Ng5 16.Bg2 Qf5 17.f4 Nh3+ 18.Kh1 Qh5 19.Bf3 Ng4 20.Bxg4 Qxg4 21.Qd1 h5 22.
Qxg4 hxg4 23.b5 e6 24.Kg2 Rbd8 25.e4 Bd4 26.f5 Kg7 27.Ne2 Be5 28.a4 d5 29.
fxe6 fxe6 30.exd5 exd5 31.Rxf8 Rxf8 32.Rf1 Rd8 33.Nf4 Nxf4+ 34.Bxf4 Bxf4 
35.Rxf4 dxc4 36.dxc4 Rd2+ 37.Kg1 Ra2 38.Rxg4 Rxa4 39.h4 Kf6 40.Kg2 a6 41.
bxa6 Rxa6 42.Rf4+ Ke5 43.Kf3 Ra3+ 44.Kg4 Rc3 45.Kh3 Rb3 46.Kg4 Rc3 47.Kh3 
1/2-1/2

[Event "32nd USA-ch (w)"]
[Site "Waltham USA"]
[Date "1992.08.??"]
[Round "1"]
[White "Levitina, Irina"]
[Black "Marinello, Beatriz"]
[Result "1-0"]
[WhiteElo "2415"]
[BlackElo "2175"]
[EventDate "1992.08.20"]
[PlyCount "101"]

1.d4 d6 2.e4 Nf6 3.Nc3 e5 4.dxe5 dxe5 5.Qxd8+ Kxd8 6.f4 Bb4 7.Bd3 Nc6 8.
Nf3 Re8 9.Bd2 Bg4 10.O-O-O Kc8 11.h3 Bxf3 12.gxf3 Nh5 13.fxe5 Nxe5 14.f4 
Nxd3+ 15.cxd3 Kd7 16.Rhg1 Rad8 17.Kc2 g6 18.Rdf1 Kc8 19.f5 Rd7 20.Rf3 c6 
21.Rgf1 Ng7 22.Bh6 Nh5 23.Be3 gxf5 24.Bxa7 Bxc3 25.bxc3 fxe4 26.dxe4 Rxe4 
27.Rxf7 Rxf7 28.Rxf7 Rh4 29.Bb6 Rxh3 30.Rc7+ Kb8 31.Rxh7 Kc8 32.a4 Rh2+ 
33.Kb3 Rh1 34.a5 Rb1+ 35.Kc2 Rh1 36.Rh8+ Kd7 37.Rb8 Nf6 38.Rxb7+ Kd6 39.a6
Ra1 40.a7 Nd7 41.Be3 Nc5 42.Rh7 Ra2+ 43.Kb1 Ra4 44.Rh6+ Ne6 45.Rh8 Nc7 46.
Bb6 Nd5 47.Bg1 Nc7 48.Bh2+ Kd5 49.Bxc7 Rxa7 50.Bb8 Rf7 51.Kb2 1-0

[Event "32nd USA-ch (w)"]
[Site "Waltham USA"]
[Date "1992.08.??"]
[Round "1"]
[White "Root, Alexey"]
[Black "Burtman, Sharon"]
[Result "1/2-1/2"]
[WhiteElo "2025"]
[BlackElo "2050"]
[EventDate "1992.08.20"]
[PlyCount "45"]

1.d4 Nf6 2.Nf3 d5 3.e3 c6 4.c4 e6 5.Bd3 Nbd7 6.Nc3 Bd6 7.e4 dxe4 8.Nxe4 
Nxe4 9.Bxe4 Nf6 10.Bc2 Qa5+ 11.Bd2 Qh5 12.O-O O-O 13.Bc3 b6 14.Ne5 Qxd1 
15.Rfxd1 Bb7 16.Rd2 Rac8 17.Rad1 Rfd8 18.h3 h6 19.b3 Kf8 20.Ng4 Be7 21.
Nxf6 Bxf6 22.Be4 Rc7 23.Bb4+ 1/2-1/2

[Event "32nd USA-ch (w)"]
[Site "Waltham USA"]
[Date "1992.08.??"]
[Round "2"]
[White "Burtman, Sharon"]
[Black "Dimitrijevic, Vesna"]
[Result "1/2-1/2"]
[WhiteElo "2050"]
[BlackElo "2090"]
[EventDate "1992.08.20"]
[PlyCount "67"]

1.d4 Nf6 2.c4 c5 3.d5 b5 4.cxb5 a6 5.bxa6 g6 6.Nc3 Bxa6 7.f4 d6 8.Nf3 Qa5 
9.Bd2 Bg7 10.e4 O-O 11.Be2 Qb4 12.Bxa6 Nxa6 13.Qe2 Qxb2 14.Rb1 Qa3 15.Rb3 
Qa5 16.e5 Ne8 17.O-O Qd8 18.Qe4 Nec7 19.f5 dxe5 20.Qh4 f6 21.fxg6 hxg6 22.
Qg4 g5 23.h4 Qc8 24.Qxc8 Rfxc8 25.hxg5 Nb4 26.gxf6 Bxf6 27.Re1 Nbxd5 28.
Nxe5 Nxc3 29.Rxc3 Rxa2 30.Rg3+ Kh7 31.Rh3+ Kg8 32.Rg3+ Kh7 33.Rh3+ Kg8 34.
Rg3+ 1/2-1/2

[Event "32nd USA-ch (w)"]
[Site "Waltham USA"]
[Date "1992.08.??"]
[Round "2"]
[White "Epstein, Esther"]
[Black "Root, Alexey"]
[Result "1-0"]
[WhiteElo "2255"]
[BlackElo "2025"]
[EventDate "1992.08.20"]
[PlyCount "123"]

1.e4 Nc6 2.d4 d5 3.e5 Bf5 4.Ne2 e6 5.Ng3 Bg6 6.h4 f6 7.h5 Bf7 8.f4 Nh6 9.
c3 Be7 10.Nd2 fxe5 11.Nf3 exd4 12.cxd4 Qd6 13.Bd2 Bf6 14.Qa4 O-O 15.Bd3 
Be8 16.Qc2 Nxd4 17.Nxd4 Bxd4 18.Ne2 Bf6 19.Bxh7+ Kh8 20.Bg6 Qc6 21.Bb4 
Qxc2 22.Bxc2 Rg8 23.O-O-O Ng4 24.Bc5 b6 25.Bg1 c5 26.f5 Bg5+ 27.Kb1 Bd7 
28.Nc3 Nf6 29.Bf2 Rad8 30.g4 Nxg4 31.Bh4 Bxh4 32.Rxh4 exf5 33.Nxd5 Be6 34.
Nf4 Rxd1+ 35.Bxd1 Re8 36.Ba4 b5 37.Bxb5 Rb8 38.Be2 Bd7 39.Rh1 Nf6 40.Bc4 
Bc6 41.Rg1 Bb5 42.Be6 Bd7 43.Bxd7 Nxd7 44.Rg5 Kh7 45.Ne6 Rb6 46.Rxg7+ Kh6 
47.Re7 Rd6 48.Ng7 Kg5 49.h6 Nf6 50.Re5 Rc6 51.Nxf5 Kf4 52.Ne7 Kxe5 53.
Nxc6+ Kf5 54.Nxa7 Kg6 55.Kc2 Kxh6 56.Kc3 Kg7 57.Kc4 Nd7 58.Kd5 Kf7 59.Nc8 
Ke8 60.Nd6+ Ke7 61.Ne4 Nb6+ 62.Kc6 1-0

[Event "32nd USA-ch (w)"]
[Site "Waltham USA"]
[Date "1992.08.??"]
[Round "2"]
[White "Frenkel, Vera"]
[Black "Levitina, Irina"]
[Result "0-1"]
[WhiteElo "2120"]
[BlackElo "2415"]
[EventDate "1992.08.20"]
[PlyCount "74"]

1.e4 c5 2.c4 d6 3.d3 Nc6 4.f4 g6 5.Nc3 Bg7 6.Be3 Nd4 7.Be2 e6 8.Nf3 Ne7 9.
O-O Nec6 10.Qd2 O-O 11.Kh1 a6 12.g4 f5 13.gxf5 exf5 14.Nd5 Re8 15.Bxd4 
cxd4 16.exf5 Bxf5 17.Ng5 h6 18.Ne4 Kh8 19.Bf3 Ne7 20.Nef6 Rf8 21.Nxe7 Qxe7
22.Nd5 Qh4 23.a4 Rae8 24.Rae1 Rxe1 25.Rxe1 Bxd3 26.Re7 Bxc4 27.Rxb7 Re8 
28.Kg2 Re1 29.Qf2 Bf1+ 30.Qxf1 Rxf1 31.Kxf1 d3 32.Ne7 Qh3+ 33.Kf2 Bd4+ 34.
Ke1 Qxf3 35.Nxg6+ Kg8 36.Ne7+ Kf7 37.Nf5+ Kf6 0-1

[Event "32nd USA-ch (w)"]
[Site "Waltham USA"]
[Date "1992.08.??"]
[Round "2"]
[White "Marinello, Beatriz"]
[Black "Levitan, Yuliya"]
[Result "1-0"]
[WhiteElo "2175"]
[BlackElo "2280"]
[EventDate "1992.08.20"]
[PlyCount "99"]

1.e4 c5 2.Nf3 Nc6 3.d4 cxd4 4.Nxd4 g6 5.Be3 Bg7 6.Nc3 Nf6 7.Bc4 Qa5 8.O-O 
O-O 9.Bb3 d6 10.h3 Bd7 11.f4 Qh5 12.Nf3 b5 13.a3 a5 14.Nd5 a4 15.Ba2 Rab8 
16.Nxf6+ Bxf6 17.e5 Bg7 18.exd6 exd6 19.Qxd6 Rfd8 20.Bxf7+ Kh8 21.c3 Be8 
22.Qe6 Bd7 23.Qe4 Na5 24.Bd4 Qh6 25.Rad1 Bf5 26.Bxg7+ Qxg7 27.Qe5 Nc4 28.
Bxc4 bxc4 29.Rxd8+ Rxd8 30.Qxg7+ Kxg7 31.Nd4 Bd7 32.Re1 Kf6 33.Kf2 Rb8 34.
Re2 Rb6 35.g4 h5 36.Kg3 hxg4 37.hxg4 Bc8 38.Nf3 Rd6 39.Rd2 Rb6 40.Rd8 Be6 
41.Rd2 Bc8 42.Ne5 Be6 43.g5+ Kg7 44.Kf3 Kh7 45.Ke3 Kg7 46.Ke2 Kh7 47.Kd1 
Kg7 48.Kc1 Rb7 49.Rd6 Bf7 50.Rd7 1-0

[Event "32nd USA-ch (w)"]
[Site "Waltham USA"]
[Date "1992.08.??"]
[Round "3"]
[White "Epstein, Esther"]
[Black "Burtman, Sharon"]
[Result "1-0"]
[WhiteElo "2255"]
[BlackElo "2050"]
[EventDate "1992.08.20"]
[PlyCount "89"]

1.e4 Nf6 2.e5 Nd5 3.d4 d6 4.Nf3 dxe5 5.Nxe5 g6 6.c4 Nb6 7.Nc3 Bg7 8.Bf4 
N8d7 9.Nf3 Nf6 10.Nb5 O-O 11.Bxc7 Qd7 12.Be5 Qg4 13.h3 Qe4+ 14.Qe2 Qc6 15.
d5 Qd7 16.Qe3 Qf5 17.Bd3 Qh5 18.O-O Bh6 19.Qe2 Bf5 20.Bxf5 gxf5 21.Bxf6 
exf6 22.Nbd4 Rae8 23.Qd3 Re4 24.b3 Nd7 25.Ne2 Nc5 26.Qc2 Qg6 27.b4 Nd7 28.
Ng3 Rf4 29.Rae1 Nb6 30.Nd2 Rc8 31.Ne2 Rh4 32.d6 Bxd2 33.Qxd2 Rhxc4 34.Rc1 
Rxc1 35.Rxc1 Rd8 36.Rc7 Qg5 37.Qd3 Qg7 38.Rxb7 Qf8 39.Rxa7 Rxd6 40.Qg3+ 
Kh8 41.Kh2 Rd2 42.Nf4 Rd7 43.Rxd7 Nxd7 44.Nd5 Qe8 45.a4 1-0

[Event "32nd USA-ch (w)"]
[Site "Waltham USA"]
[Date "1992.08.??"]
[Round "3"]
[White "Levitan, Yuliya"]
[Black "Frenkel, Vera"]
[Result "1-0"]
[WhiteElo "2280"]
[BlackElo "2120"]
[EventDate "1992.08.20"]
[PlyCount "61"]

1.e4 e5 2.Nf3 d6 3.d4 f6 4.Bc4 Qe7 5.Nc3 c6 6.a4 Be6 7.d5 Bf7 8.Qe2 Nd7 9.
dxc6 bxc6 10.Bxf7+ Qxf7 11.Qa6 Ne7 12.Qb7 Rb8 13.Qxa7 g6 14.O-O Bg7 15.b3 
O-O 16.Qxd7 Rfd8 17.Qh3 f5 18.Ng5 Qf6 19.Nxh7 Qf7 20.Bg5 Rd7 21.Qh4 Rdb7 
22.Nf6+ Kf8 23.Rfd1 fxe4 24.Ncxe4 Nf5 25.Nh7+ Kg8 26.Nef6+ Bxf6 27.Nxf6+ 
Kf8 28.Qh8+ Ke7 29.Ne4+ Ke6 30.Bd8 Rxd8 31.Qxd8 1-0

[Event "32nd USA-ch (w)"]
[Site "Waltham USA"]
[Date "1992.08.??"]
[Round "3"]
[White "Levitina, Irina"]
[Black "Tverskaya, Julia"]
[Result "1-0"]
[WhiteElo "2415"]
[BlackElo "2050"]
[EventDate "1992.08.20"]
[PlyCount "107"]

1.d4 Nf6 2.Nf3 e6 3.Bg5 h6 4.Bh4 b6 5.e3 Bb7 6.Nbd2 c5 7.c3 Be7 8.Bd3 Nc6 
9.O-O O-O 10.Re1 d5 11.Qe2 Rc8 12.Rad1 Re8 13.Bxf6 Bxf6 14.dxc5 bxc5 15.e4
Kf8 16.e5 Be7 17.Nf1 Qa5 18.Bb1 Ba6 19.Qc2 g6 20.Ng3 d4 21.h4 d3 22.Qc1 
Kg7 23.Qf4 c4 24.Ne4 Rf8 25.b3 cxb3 26.axb3 Rcd8 27.Re3 Qa3 28.Ned2 Qc5 
29.Nc4 Bxc4 30.bxc4 Na5 31.Rexd3 Qxc4 32.Nd4 Qc8 33.Rg3 Nc6 34.Qe4 Rg8 35.
Kh2 Nxd4 36.cxd4 Kf8 37.Rdd3 h5 38.Qf4 Ke8 39.Rgf3 Rf8 40.Rc3 Qd7 41.Bc2 
Rb8 42.Rc4 Rb4 43.Rxb4 Bxb4 44.d5 a5 45.d6 f5 46.Qg5 Qg7 47.Ba4+ Kf7 48.
Qe7+ Kg8 49.Qxe6+ Kh7 50.Rg3 f4 51.Rg5 Qf7 52.Qxf7+ Rxf7 53.e6 Rf6 54.e7 
1-0

[Event "32nd USA-ch (w)"]
[Site "Waltham USA"]
[Date "1992.08.??"]
[Round "3"]
[White "Root, Alexey"]
[Black "Marinello, Beatriz"]
[Result "1-0"]
[WhiteElo "2025"]
[BlackElo "2175"]
[EventDate "1992.08.20"]
[PlyCount "113"]

1.d4 Nf6 2.Nf3 g6 3.c4 Bg7 4.Nc3 O-O 5.e4 d6 6.Bg5 h6 7.Bh4 g5 8.Bg3 c5 9.
d5 Qa5 10.Nd2 Nbd7 11.Be2 Nxe4 12.Ncxe4 f5 13.O-O fxe4 14.Nxe4 Bxb2 15.Rb1
Bd4 16.Bd3 Nf6 17.Nxf6+ Rxf6 18.Qe2 Qd8 19.h4 Qf8 20.Rbe1 Rf7 21.Bg6 Rg7 
22.h5 Bd7 23.Kh1 Qf6 24.Rb1 Rb8 25.Rb3 a6 26.Qe4 g4 27.Rb6 Rxg6 28.Qxg6+ 
Qxg6 29.hxg6 Bf6 30.Bxd6 Rf8 31.Bxc5 Bf5 32.d6 exd6 33.Bxd6 Rc8 34.c5 Be4 
35.Re1 Bc6 36.Re6 Bd4 37.Kg1 h5 38.Rb4 Bd5 39.Re7 Bxc5 40.Bxc5 Rxc5 41.Rf4
g3 42.fxg3 Rc1+ 43.Rf1 Rc2 44.Rf2 Rxf2 45.Kxf2 b5 46.a3 a5 47.Ke3 b4 48.
axb4 axb4 49.Kf4 b3 50.Kg5 b2 51.Re8+ Kg7 52.Rb8 Be4 53.Rxb2 Bxg6 54.Rb7+ 
Bf7 55.Rxf7+ Kxf7 56.Kxh5 Kf6 57.g4 1-0

[Event "32nd USA-ch (w)"]
[Site "Waltham USA"]
[Date "1992.08.??"]
[Round "4"]
[White "Frenkel, Vera"]
[Black "Root, Alexey"]
[Result "0-1"]
[WhiteElo "2120"]
[BlackElo "2025"]
[EventDate "1992.08.20"]
[PlyCount "77"]

1.e4 e6 2.d4 d5 3.e5 c5 4.b4 cxb4 5.a3 Nc6 6.f4 f5 7.Nf3 h6 8.h4 Qb6 9.
axb4 Bxb4+ 10.c3 Ba5 11.Be2 Bd7 12.Kf1 Nge7 13.Rh3 Nd8 14.Rg3 O-O 15.Nfd2 
Bb5 16.Kg1 Bxe2 17.Qxe2 Nf7 18.Ba3 Rfe8 19.Bxe7 Rxe7 20.Qh5 Kh8 21.Qd1 Qd8
22.Nf3 Rc8 23.Ng5 hxg5 24.Qh5+ Kg8 25.hxg5 Qb6 26.Rh3 Bxc3 27.Qh7+ Kf8 28.
g6 Bxd4+ 29.Kh2 Ke8 30.gxf7+ Kxf7 31.Qh5+ g6 32.Qh7+ Ke8 33.Qxg6+ Kd7 34.
Nc3 Bxc3 35.Rd1 Qb3 36.Rhd3 Rc5 37.Qf6 Qc4 38.Rg3 Qxf4 39.Kh3 0-1

[Event "32nd USA-ch (w)"]
[Site "Waltham USA"]
[Date "1992.08.??"]
[Round "4"]
[White "Marinello, Beatriz"]
[Black "Epstein, Esther"]
[Result "1/2-1/2"]
[WhiteElo "2175"]
[BlackElo "2255"]
[EventDate "1992.08.20"]
[PlyCount "92"]

1.e4 g6 2.d4 Bg7 3.Nc3 d6 4.f4 c6 5.Nf3 Bg4 6.Be3 e6 7.Be2 Bxf3 8.Bxf3 d5 
9.O-O Ne7 10.Bf2 Nd7 11.Kh1 O-O 12.Bh4 Bf6 13.Bxf6 Nxf6 14.e5 Ne8 15.Qd2 
h5 16.Nd1 Nf5 17.Ne3 Nxe3 18.Qxe3 Ng7 19.g4 hxg4 20.Bxg4 Qh4 21.Rg1 Nf5 
22.Bxf5 exf5 23.Qg3 Qxg3 24.hxg3 Kg7 25.Kg2 Rh8 26.Rh1 Rxh1 27.Rxh1 b5 28.
Kf3 Rg8 29.g4 fxg4+ 30.Kxg4 Kf8 31.Rh3 Ke7 32.Ra3 Ra8 33.Ra6 Rc8 34.Rxa7+ 
Ke6 35.Kg5 c5 36.Ra6+ Ke7 37.dxc5 Rxc5 38.c3 b4 39.cxb4 Rc2 40.Rd6 Rg2+ 
41.Kh4 Rxb2 42.Rxd5 Rxb4 43.Kg5 Ra4 44.Rd2 Ke6 45.Rb2 Ra3 46.Kh6 Kf5 
1/2-1/2

[Event "32nd USA-ch (w)"]
[Site "Waltham USA"]
[Date "1992.08.??"]
[Round "4"]
[White "Tverskaya, Julia"]
[Black "Levitan, Yuliya"]
[Result "1/2-1/2"]
[WhiteElo "2050"]
[BlackElo "2280"]
[EventDate "1992.08.20"]
[PlyCount "73"]

1.c4 c5 2.Nc3 Nc6 3.g3 Nf6 4.Bg2 e6 5.e4 Be7 6.Nge2 O-O 7.O-O a6 8.d3 d6 
9.f4 Bd7 10.h3 Rb8 11.a4 Nd4 12.e5 Ne8 13.Nxd4 cxd4 14.Ne4 Qc7 15.Qe2 Rc8 
16.a5 Bc6 17.Bd2 d5 18.cxd5 Bxd5 19.Rfc1 Qd7 20.Rxc8 Qxc8 21.Rc1 Qd7 22.
Be1 Nc7 23.Qc2 Nb5 24.Bf2 h6 25.Be1 Re8 26.Nc5 Bxc5 27.Qxc5 Bxg2 28.Kxg2 
Kh7 29.Rc4 Kg8 30.Bf2 Rd8 31.g4 Kh8 32.Bh4 Re8 33.Kf3 Kh7 34.Bf2 Rd8 35.h4
g6 36.Kg3 h5 37.g5 1/2-1/2

[Event "32nd USA-ch (w)"]
[Site "Waltham USA"]
[Date "1992.08.??"]
[Round "5"]
[White "Epstein, Esther"]
[Black "Frenkel, Vera"]
[Result "1-0"]
[WhiteElo "2255"]
[BlackElo "2120"]
[EventDate "1992.08.20"]
[PlyCount "91"]

1.e4 c6 2.d4 d5 3.e5 Bf5 4.Ne2 h6 5.Ng3 Bg6 6.h4 e6 7.h5 Bh7 8.Bd3 Bxd3 9.
cxd3 c5 10.dxc5 Bxc5 11.Qg4 Bf8 12.d4 Nc6 13.O-O Qd7 14.Re1 O-O-O 15.a3 
Nge7 16.b4 Kb8 17.Nd2 Rc8 18.Nb3 Ka8 19.b5 Nb8 20.a4 g6 21.Ba3 g5 22.Nc5 
Qd8 23.Qf3 Qe8 24.Rec1 Rg8 25.Rc3 g4 26.Qd3 Nf5 27.Rac1 Nxg3 28.Qxg3 Bxc5 
29.dxc5 Qd8 30.c6 bxc6 31.bxc6 Qa5 32.Bd6 Na6 33.c7 d4 34.Rc4 Qd5 35.Qd3 
g3 36.f3 f6 37.Rxd4 Qb7 38.Rb1 Qc6 39.Rc4 Qd5 40.Qxd5+ exd5 41.Rc6 Nxc7 
42.Rxc7 Rxc7 43.Bxc7 fxe5 44.Bxe5 a6 45.Rd1 Re8 46.Bxg3 1-0

[Event "32nd USA-ch (w)"]
[Site "Waltham USA"]
[Date "1992.08.??"]
[Round "5"]
[White "Levitan, Yuliya"]
[Black "Dimitrijevic, Vesna"]
[Result "1-0"]
[WhiteElo "2280"]
[BlackElo "2090"]
[EventDate "1992.08.20"]
[PlyCount "53"]

1.e4 e6 2.d4 d5 3.Nd2 c5 4.exd5 exd5 5.Bb5+ Bd7 6.Qe2+ Be7 7.Ngf3 Nf6 8.
O-O O-O 9.dxc5 Bxc5 10.Nb3 Bd6 11.Bg5 Qb6 12.Bxd7 Nbxd7 13.Be3 Rfe8 14.Qd2
Qc7 15.h3 Nb6 16.Bxb6 Qxb6 17.c3 Rad8 18.Rfe1 Re4 19.Rxe4 dxe4 20.Nfd4 Nd5
21.Re1 Bf4 22.Qc2 e3 23.fxe3 Bxe3+ 24.Kh1 Qf6 25.Nf5 Bb6 26.Qe4 g6 27.Qe8+
1-0

[Event "32nd USA-ch (w)"]
[Site "Waltham USA"]
[Date "1992.08.??"]
[Round "5"]
[White "Marinello, Beatriz"]
[Black "Burtman, Sharon"]
[Result "0-1"]
[WhiteElo "2175"]
[BlackElo "2050"]
[EventDate "1992.08.20"]
[PlyCount "120"]

1.e4 Nf6 2.e5 Nd5 3.d4 d6 4.Nf3 dxe5 5.Nxe5 g6 6.Qf3 Be6 7.Bc4 Bg7 8.Nc3 
c6 9.O-O Nd7 10.Re1 N7f6 11.Bg5 O-O 12.Bb3 Nxc3 13.Bxe6 Nb5 14.Nxf7 Rxf7 
15.Rad1 Nd6 16.c4 Kh8 17.Bxf7 Nxf7 18.Bh4 Qd7 19.Qe3 Re8 20.b3 Nd6 21.Bg5 
Nf5 22.Qd2 Rd8 23.h3 b6 24.Be3 h5 25.Qe2 Kh7 26.Kf1 Qc7 27.Kg1 Qd7 28.Kh1 
h4 29.Bg5 Nh5 30.Qg4 Nf6 31.Bxf6 Bxf6 32.d5 c5 33.Qe4 Bd4 34.Re2 Bxf2 35.
Rd3 Ng3+ 36.Rxg3 Bxg3 37.Qf3 Kg7 38.Qc3+ Kh7 39.Qf3 Kg7 40.Re6 Rf8 41.
Rxg6+ Kxg6 42.Qxf8 Qd6 43.Qg8+ Kf6 44.Qh8+ Kg5 45.Qg7+ Kf5 46.Qh7+ Kf4 47.
Qh5 Qf6 48.Qd1 Ke5 49.d6 Qxd6 50.Qe2+ Kf6 51.Qh5 Qf4 52.Qh8+ Kf7 53.Qh7+ 
Ke8 54.Qg6+ Kd7 55.Qd3+ Kc7 56.Qd1 Qf2 57.Qc1 Qe1+ 58.Qxe1 Bxe1 59.Kg1 Bg3
60.Kf1 Kd6 0-1

[Event "32nd USA-ch (w)"]
[Site "Waltham USA"]
[Date "1992.08.??"]
[Round "5"]
[White "Root, Alexey"]
[Black "Tverskaya, Julia"]
[Result "1/2-1/2"]
[WhiteElo "2025"]
[BlackElo "2050"]
[EventDate "1992.08.20"]
[PlyCount "62"]

1.e4 e5 2.Nf3 Nc6 3.Bb5 a6 4.Bxc6 dxc6 5.Nc3 Qd6 6.d4 exd4 7.Nxd4 Bd7 8.
Be3 O-O-O 9.Qe2 Qg6 10.f3 Bd6 11.O-O-O Ne7 12.Nb3 f5 13.Nc5 fxe4 14.N3xe4 
Bf5 15.g4 Bxe4 16.Nxe4 Nd5 17.Bd4 Rhe8 18.Kb1 Qf7 19.Qd3 Bf4 20.Qb3 Re7 
21.Nc5 Nb6 22.Qxf7 Rxf7 23.Ne6 Rdd7 24.Nxf4 Rxf4 25.Bxb6 cxb6 26.Rxd7 Kxd7
27.Rd1+ Ke6 28.Rd3 Ke5 29.Kc1 Rf7 30.Kd2 Kf4 31.Ke2 g6 1/2-1/2

[Event "32nd USA-ch (w)"]
[Site "Waltham USA"]
[Date "1992.08.??"]
[Round "6"]
[White "Burtman, Sharon"]
[Black "Levitina, Irina"]
[Result "0-1"]
[WhiteElo "2050"]
[BlackElo "2415"]
[EventDate "1992.08.20"]
[PlyCount "104"]

1.d4 g6 2.c4 f5 3.Nf3 Nf6 4.g3 Bg7 5.Bg2 O-O 6.O-O d6 7.Nc3 Nc6 8.Bf4 Nh5 
9.d5 Ne5 10.Bxe5 dxe5 11.e4 f4 12.Ne1 Bd7 13.Nd3 Qc8 14.Bf3 a6 15.Rc1 fxg3
16.hxg3 Bf6 17.Kh2 Ng7 18.Rh1 h5 19.Kg1 c5 20.Bg2 b5 21.b3 Qc7 22.Qd2 Rac8
23.Bh3 Bxh3 24.Rxh3 Qd7 25.Rh1 bxc4 26.bxc4 Qg4 27.Qd1 Qxd1+ 28.Rxd1 Ne8 
29.Na4 Nd6 30.Naxc5 Nxc4 31.Kg2 Nb2 32.Rc1 Nxd3 33.Nxd3 Kg7 34.Rxc8 Rxc8 
35.Rc1 Rxc1 36.Nxc1 e6 37.dxe6 Be7 38.Nd3 Kf6 39.Kf3 Kxe6 40.Ke2 g5 41.f4 
exf4 42.gxf4 g4 43.Ke3 Kf6 44.Kf2 h4 45.Ne5 g3+ 46.Kf3 Bd6 47.Nd3 Kg6 48.
Kg2 Bc7 49.Kf3 Kh5 50.Nb4 Bxf4 51.Nxa6 h3 52.Nb4 g2 0-1

[Event "32nd USA-ch (w)"]
[Site "Waltham USA"]
[Date "1992.08.??"]
[Round "6"]
[White "Dimitrijevic, Vesna"]
[Black "Root, Alexey"]
[Result "1-0"]
[WhiteElo "2090"]
[BlackElo "2025"]
[EventDate "1992.08.20"]
[PlyCount "83"]

1.e4 Nc6 2.d4 d5 3.e5 Bf5 4.c3 e6 5.Nd2 Qd7 6.f4 Nh6 7.Ndf3 Be7 8.Ne2 Na5 
9.Ng3 Bg6 10.Bd3 Bxd3 11.Qxd3 c5 12.dxc5 O-O 13.b4 Nc4 14.O-O b6 15.cxb6 
axb6 16.Nd2 b5 17.a4 Nxd2 18.Bxd2 Rxa4 19.Rxa4 bxa4 20.Qa6 d4 21.c4 Ng4 
22.Ne4 Qc8 23.Qa7 Qa8 24.Qxd4 f6 25.h3 fxe5 26.fxe5 Rd8 27.Nd6 Nxe5 28.
Qxe5 Rxd6 29.Bc3 Bf8 30.c5 Rc6 31.Bd4 Qb7 32.Qf4 Rc8 33.Qe5 Rc6 34.Kh1 h6 
35.Qe4 a3 36.Ra1 Rb6 37.Qxb7 Rxb7 38.c6 Rxb4 39.Be5 Rc4 40.c7 Rc5 41.Rd1 
a2 42.Ra1 1-0

[Event "32nd USA-ch (w)"]
[Site "Waltham USA"]
[Date "1992.08.??"]
[Round "6"]
[White "Frenkel, Vera"]
[Black "Marinello, Beatriz"]
[Result "0-1"]
[WhiteElo "2120"]
[BlackElo "2175"]
[EventDate "1992.08.20"]
[PlyCount "75"]

1.e4 e6 2.d4 d5 3.e5 c5 4.b4 cxd4 5.a3 Nc6 6.f4 Qc7 7.Bd3 f6 8.Qh5+ Qf7 9.
Qe2 Bd7 10.Nd2 Be7 11.Nb3 f5 12.Bb2 Nh6 13.Nxd4 O-O 14.Nh3 Qg6 15.Nf3 Bd8 
16.Nhg5 Bb6 17.h3 Qe8 18.g4 Qe7 19.b5 Na5 20.Bd4 Rac8 21.Bxb6 axb6 22.Nd4 
fxg4 23.Qh2 Qc5 24.Ne2 Qe3 25.hxg4 Nc4 26.Nf3 Qxf3 27.g5 Ne3 28.Ra2 Neg4 
29.Qh4 Ne3 30.Qh2 Nhf5 31.Bxf5 Nxf5 32.Rb2 Kf7 33.Rb3 Qe4 34.Qh5+ Ke7 35.
g6 hxg6 36.Qg5+ Kf7 37.Rg1 Nd4 38.Rg2 0-1

[Event "32nd USA-ch (w)"]
[Site "Waltham USA"]
[Date "1992.08.??"]
[Round "6"]
[White "Tverskaya, Julia"]
[Black "Epstein, Esther"]
[Result "1/2-1/2"]
[WhiteElo "2050"]
[BlackElo "2255"]
[EventDate "1992.08.20"]
[PlyCount "140"]

1.e4 c5 2.Nf3 e6 3.d4 cxd4 4.Nxd4 Nf6 5.Nc3 d6 6.g4 h6 7.g5 hxg5 8.Bxg5 
Nc6 9.Bg2 Bd7 10.Qd2 Nxd4 11.Qxd4 Qa5 12.h4 Bc6 13.O-O-O O-O-O 14.Bxf6 
gxf6 15.Qxf6 Rg8 16.Bh3 Qh5 17.Rhg1 Qh6+ 18.Qxh6 Bxh6+ 19.Kb1 Kc7 20.a4 a6
21.a5 Rg7 22.Rg3 Rh8 23.Rdg1 Rgh7 24.h5 Bf4 25.Rf3 Be5 26.Bg4 f5 27.exf5 
Bxf3 28.Bxf3 Bxc3 29.bxc3 Rf8 30.Be4 exf5 31.Bf3 Kd7 32.Rg5 Ke6 33.Kc1 Ke5
34.Kd2 Kf4 35.Rg3 Rc8 36.Be2 Rc5 37.Rg6 d5 38.h6 Rxa5 39.Bd3 Ra1 40.Rf6 
Rh1 41.Rxf5+ Kg4 42.f3+ Kh4 43.Rf6 Kg5 44.Rg6+ Kh5 45.Rb6 Rxh6 46.Rxb7 Ra1
47.Rd7 Ra5 48.Ke3 Kg5 49.f4+ Kf6 50.Rd6+ Kg7 51.Rd7+ Kf6 52.Rd6+ Kg7 53.
Rd7+ Kf8 54.f5 Ke8 55.Ra7 Ra4 56.Rb7 Rh3+ 57.Kd2 Kf8 58.Rd7 Ra5 59.Rd6 Ke7
60.Re6+ Kf7 61.Bxa6 Rc5 62.Bd3 Rh2+ 63.Ke3 Rh4 64.Rd6 Ra4 65.Rd7+ Kf6 66.
Rd6+ Ke7 67.Re6+ Kf7 68.Rd6 Rh4 69.Rd7+ Kf6 70.Rd6+ Ke7 1/2-1/2

[Event "32nd USA-ch (w)"]
[Site "Waltham USA"]
[Date "1992.08.??"]
[Round "7"]
[White "Epstein, Esther"]
[Black "Dimitrijevic, Vesna"]
[Result "1/2-1/2"]
[WhiteElo "2255"]
[BlackElo "2090"]
[EventDate "1992.08.20"]
[PlyCount "111"]

1.e4 e6 2.d3 d5 3.Nd2 b6 4.g3 Bb7 5.Bg2 c5 6.Ne2 Qc7 7.O-O Nf6 8.exd5 Nxd5
9.Ne4 Nd7 10.N2c3 N7f6 11.Nb5 Qb8 12.Nxf6+ gxf6 13.Qf3 a6 14.Na3 Ra7 15.c4
Qa8 16.Qd1 Nb4 17.Bxb7 Qxb7 18.d4 cxd4 19.Qxd4 e5 20.Qd1 Qc6 21.Be3 h5 22.
h4 f5 23.Qe2 Re7 24.Bd2 Re6 25.Rfe1 f4 26.Qe4 Qxe4 27.Rxe4 f5 28.Re2 fxg3 
29.fxg3 Rg8 30.Kh2 Bd6 31.Rf1 e4 32.Bf4 Bc5 33.Nc2 Nd3 34.Ne3 Nxf4 35.gxf4
Bxe3 36.Rxe3 Reg6 37.Rf2 Rg4 38.Kh3 Rg1 39.Rb3 R8g6 40.Kh2 R1g4 41.Kh3 Kd7
42.Ra3 Kc6 43.b4 Rd6 44.c5 Rd4 45.cxb6 Kxb6 46.Ra5 Rd3+ 47.Kh2 e3 48.Rf1 
Rd2+ 49.Kh3 e2 50.Re1 Rd1 51.Rxe2 Rd3+ 52.Kh2 Rxh4+ 53.Kg2 Rg4+ 54.Kh2 
Rh4+ 55.Kg2 Rg4+ 56.Kh2 1/2-1/2

[Event "32nd USA-ch (w)"]
[Site "Waltham USA"]
[Date "1992.08.??"]
[Round "7"]
[White "Frenkel, Vera"]
[Black "Burtman, Sharon"]
[Result "0-1"]
[WhiteElo "2120"]
[BlackElo "2050"]
[EventDate "1992.08.20"]
[PlyCount "112"]

1.e4 Nf6 2.e5 Nd5 3.c4 Nb6 4.Nc3 d6 5.exd6 cxd6 6.d4 Bf5 7.Bd3 Qc8 8.b3 
Bxd3 9.Qxd3 Qg4 10.g3 g6 11.Qe4 Qxe4+ 12.Nxe4 Bg7 13.Be3 Nc6 14.Rd1 O-O 
15.Nf3 d5 16.cxd5 Nxd5 17.O-O Ncb4 18.a4 Nxe3 19.fxe3 Bh6 20.Kf2 Rfc8 21.
Ne5 Nd5 22.Rfe1 f5 23.Nd2 Rc2 24.Nc4 Rc8 25.h3 Nc3 26.Ra1 Ne4+ 27.Ke2 
R8xc4 28.bxc4 Rxd2+ 29.Kf1 Nxg3+ 30.Kg1 b6 31.a5 Rc2 32.axb6 axb6 33.Rab1 
Rxc4 34.Rxb6 Rc3 35.Kf2 Ne4+ 36.Kf3 Rc2 37.Re2 Ng5+ 38.Kf2 Nxh3+ 39.Ke1 
Rxe2+ 40.Kxe2 Ng5 41.Kf2 Ne4+ 42.Kf3 Nd2+ 43.Ke2 Nc4 44.Rb8+ Kg7 45.e4 
fxe4 46.Rb7 Bg5 47.Rc7 Nd6 48.Rd7 h5 49.Ra7 Nf5 50.d5 h4 51.Kf1 Ne3+ 52.
Kg1 Nxd5 53.Kg2 Nf4+ 54.Kh2 e3 55.Rb7 e2 56.Ra7 Nd3 0-1

[Event "32nd USA-ch (w)"]
[Site "Waltham USA"]
[Date "1992.08.??"]
[Round "7"]
[White "Levitan, Yuliya"]
[Black "Levitina, Irina"]
[Result "1/2-1/2"]
[WhiteElo "2280"]
[BlackElo "2415"]
[EventDate "1992.08.20"]
[PlyCount "75"]

1.Nf3 d5 2.c4 d4 3.d3 c5 4.g3 Nc6 5.Bg2 e5 6.O-O Nf6 7.a3 a5 8.Bg5 Be7 9.
Nbd2 O-O 10.Ne1 h6 11.Bxf6 Bxf6 12.Nc2 Be7 13.b3 Bg4 14.h3 Be6 15.Rb1 Qd7 
16.Kh2 f5 17.Rg1 Rae8 18.Qf1 Bd6 19.Bf3 Qf7 20.Qg2 e4 21.dxe4 Ne5 22.Rgf1 
Qg6 23.Ne1 Qg5 24.Rb2 f4 25.Nd3 fxg3+ 26.fxg3 h5 27.Kh1 Nxd3 28.exd3 Bxg3 
29.Rg1 h4 30.Nf1 Qh6 31.Nxg3 hxg3 32.Qxg3 Qxh3+ 33.Rh2 Qxg3 34.Rxg3 Rf4 
35.Rh5 Ref8 36.Kg2 b6 37.Rhg5 R8f7 38.a4 1/2-1/2

[Event "32nd USA-ch (w)"]
[Site "Waltham USA"]
[Date "1992.08.??"]
[Round "7"]
[White "Marinello, Beatriz"]
[Black "Tverskaya, Julia"]
[Result "0-1"]
[WhiteElo "2175"]
[BlackElo "2050"]
[EventDate "1992.08.20"]
[PlyCount "64"]

1.e4 e5 2.Nf3 Nc6 3.Bb5 Nf6 4.Nc3 Bc5 5.O-O O-O 6.Nxe5 Nxe5 7.d4 Bb4 8.
dxe5 Bxc3 9.bxc3 Nxe4 10.Qd4 d5 11.Ba3 c5 12.Bxc5 Nxc5 13.Qxc5 Qa5 14.Qb4 
Qb6 15.Bd3 Bd7 16.Qh4 g6 17.Rab1 Qc7 18.f4 Rfe8 19.Rf3 b6 20.Qh6 Qxc3 21.
f5 Qc5+ 22.Kf1 Qf8 23.Qf4 Rac8 24.Rh3 Rc6 25.g4 Bc8 26.Bb5 Rxc2 27.Bxe8 
Qxe8 28.Ra3 Qe7 29.Rc1 Qxa3 30.Rxc2 Qd3+ 31.Re2 Ba6 32.Qf2 Qd1+ 0-1